Crop production and management / (Record no. 1799)
[ view plain ]
| 000 -LEADER | |
|---|---|
| fixed length control field | 00615cam a2200241ua 4500 |
| 020 ## - INTERNATIONAL STANDARD BOOK NUMBER | |
| ISBN | 81-204-0112-3 |
| 041 ## - LANGUAGE CODE | |
| Language code of text/sound track or separate title | eng |
| 082 ## - DEWEY DECIMAL CLASSIFICATION NUMBER | |
| Classification number | 633.08 |
| Item number | MOR/CR |
| 100 ## - MAIN ENTRY--AUTHOR NAME | |
| Personal name | Morachan, V.B . |
| 245 ## - TITLE STATEMENT | |
| Title | Crop production and management / |
| 250 ## - EDITION STATEMENT | |
| Edition statement | 2 / |
| 260 ## - PUBLICATION, DISTRIBUTION, ETC. (IMPRINT) | |
| Place of publication | New Delhi : |
| Name of publisher | Oxford & IBH Publishing company , |
| Year of publication | 1986. |
| 300 ## - PHYSICAL DESCRIPTION | |
| Number of Pages | 294 : |
| Other physical details | ` ; . |
| 942 ## - ADDED ENTRY ELEMENTS (KOHA) | |
| Koha item type | Books |
| Withdrawn status | Lost status | Damaged status | Home library | Current library | Date acquired | Full call number | Accession Number | Koha item type |
|---|---|---|---|---|---|---|---|---|
| KAUAET | KAUAET | 26/04/1986 | 633.08 | 15312 | Books | |||
| KAUAET | KAUAET | 26/04/1986 | 633.08 | 15313 | Books | |||
| KAUAET | KAUAET | 26/03/1986 | 633.08 | 15319 | Books | |||
| KAUAET | KAUAET | 26/04/1986 | 633.08 | 15310 | Books | |||
| KAUAET | KAUAET | 26/04/1986 | 633.08 | 15311 | Books | |||
| KAUAET | KAUAET | 26/03/1986 | 633.08 | 15317 | Books | |||
| KAUAET | KAUAET | 16/01/2023 | 633.08 MOR/CR | 15316 | Books | |||
| KAUAET | KAUAET | 16/01/2023 | 633.08 MOR/CR | 15318 | Books |
